1444 1324 1006 1700 1157 1700 1889 1982 1499 1670 1057 1501 1390 1105 1199 1533 1033 1075 1370 1667 1272 1316 1099 1639 1197 1126 1750 1220 1032 1529 1648 1876 1920 1721 1726 1818 1754 1159 1431 1453 1106 1883 1207 1997 1429 1472 1588 1759 1298 1797 1867 1022 1748 1475 1981 1807 1507 1944 1792 1955 1466 1298 1775 1561 1536 1097 1973 1024 1302 1899 1428 1370 1393 1650 1254 1406 1031 1775 1762 1879 1693 1701 1096 1385 1225 1681 1989 1588 1365 1568 1842 1340 1679 1680 1450 1738 1535 1809 1164 BCNSPRNW ULIB Ver.6.0+V

เปลี่ยนเป็นภาษาไทย

Change to English
 แสดงรายละเอียดบรรณานุกรม
  กลับหน้าหลัก

Brief Record : Get Marc (ISO 2709) : E-mail record : QR code < ปิดหน้าต่าง
LEADER : 00000nam 2200000uu 4500
001    13399111596
003     ULIB
008    110627s||||||||th 000 0 tha d
020    9786115200122
090    นว.^bด933ม 2552
100 0  เดือนเต็มดวง
245 00 มนต์ซ่อนรัก/^cเดือนเต็มดวง
250    พิมพ์ครั้งที่ 1
260    กรุงเทพฯ :^b1168Publishing,^c2552
300    287 หน้า
945    ^p189^l0^i026132
995    ทศพร
999 ^a ใช้งานได้ทุกระบบ
รายการนี้ยังไม่มีแท็ก
คุณยังไม่ได้ล็อกอิน คุณสามารถมีกิจกรรมร่วมกับเว็บไซต์ได้ แต่ต้องล็อกอินก่อน ::
  ล็อกอิน

รายการสื่อสารสนเทศ

ลำดับที่ ประเภท เลขเรียก/บาร์โค้ด สถานที่ สถานะ
- ไม่พบข้อมูล -

BibComment


ยังไม่เคยถูกคอมเมนท์

คอมเมนท์ทรัพยากรรายการนี้
  คอมเมนท์: มนต์ซ่อนรัก เดือน..


 Copyright 2026. Bcnsprnw @Library